[Event "RUS-ch Men Blitz 2019"]
[Site "Sochi"]
[Date "2019.10.17"]
[Round "13.14"]
[White "Mikhailovsky, Vladimir"]
[Black "Potapov, Pavel"]
[Result "1-0"]
[WhiteElo "2209"]
[BlackElo "2489"]
[Annotator "ChessBase"]
[PlyCount "97"]
[EventDate "2019.10.17"]
[EventType "swiss"]
[EventCountry "RUS"]
[SourceTitle "playchess.com"]
[Source "ChessBase"]
[SourceQuality "1"]
[TimeControl "180+2"]

1. Nc3 {[%emt 0:00:00]} e5 {[%emt 0:00:00]} 2. e4 {[%emt 0:00:01]} Nc6 {[%emt 0:00:03]} 3. Nf3 {[%emt 0:00:01]} Nf6 {[%emt 0:00:02]} 4. d4 {[%emt 0:00:07]} exd4 {[%emt 0:00:02]} 5. Nxd4 {[%emt 0:00:01]} Bb4 {[%emt 0:00:01]} 6. Nxc6 {[%emt 0:00:01]} bxc6 {[%emt 0:00:02]} 7. Bd3 {[%emt 0:00:01]} O-O {[%emt 0:00:05]} 8. O-O {[%emt 0:00:02]} d5 {[%emt 0:00:02]} 9. exd5 {[%emt 0:00:02]} cxd5 {[%emt 0:00:01]} 10. h3 {[%emt 0:00:01]} c6 {[%emt 0:00:06]} 11. Qf3 {[%emt 0:00:02]} Bd6 {[%emt 0:00:12]} 12. Bf4 {[%emt 0:00:25]} Rb8 {[%emt 0:00:17]} 13. b3 {[%emt 0:00:02]} Be6 {[%emt 0:00:06]} 14. Rad1 {[%emt 0:00:02]} Rb4 {[%emt 0:00:19]} 15. Ne2 {[%emt 0:00:03]} Qc7 {[%emt 0:00:24]} 16. Bxd6 {[%emt 0:00:06]} Qxd6 {[%emt 0:00:02]} 17. c3 {[%emt 0:00:02]} Rbb8 {[%emt 0:00:09]} 18. Rfe1 {[%emt 0:00:01]} h6 {[%emt 0:00:05]} 19. Nd4 {[%emt 0:00:08]} Rfe8 {[%emt 0:00:13]} 20. Re3 {[%emt 0:00:08]} Bd7 {[%emt 0:00:34]} 21. Rde1 {[%emt 0:00:03]} Rxe3 {[%emt 0:00:22]} 22. Rxe3 {[%emt 0:00:01]} Re8 {[%emt 0:00:05]} 23. Rxe8+ {[%emt 0:00:04]} Nxe8 {[%emt 0:00:08]} 24. Nf5 {[%emt 0:00:15]} Qe5 {[%emt 0:00:05]} 25. Qe3 {[%emt 0:00:35]} Qxe3 {[%emt 0:00:04]} 26. Nxe3 {[%emt 0:00:01]} Kf8 {[%emt 0:00:02]} 27. f4 {[%emt 0:00:05]} Ke7 {[%emt 0:00:01]} 28. Kf2 {[%emt 0:00:02]} Kd6 {[%emt 0:00:02]} 29. g4 {[%emt 0:00:02]} c5 {[%emt 0:00:03]} 30. Kf3 {[%emt 0:00:02]} Nc7 {[%emt 0:00:04]} 31. Bf5 {[%emt 0:00:06]} g6 {[%emt 0:00:02]} 32. Bxd7 {[%emt 0:00:03]} Kxd7 {[%emt 0:00:01]} 33. f5 {[%emt 0:00:05]} Kd6 {[%emt 0:00:01]} 34. h4 {[%emt 0:00:03]} Ke5 {[%emt 0:00:05]} 35. fxg6 {[%emt 0:00:15]} fxg6 {[%emt 0:00:01]} 36. h5 {[%emt 0:00:01]} gxh5 {[%emt 0:00:06]} 37. gxh5 {[%emt 0:00:01]} Kf6 {[%emt 0:00:01]} 38. Kg4 {[%emt 0:00:21]} d4 {[%emt 0:00:02]} 39. cxd4 {[%emt 0:00:01]} cxd4 {[%emt 0:00:00]} 40. Nc4 {[%emt 0:00:22]} Nd5 {[%emt 0:00:03]} 41. a4 {[%emt 0:00:05]} d3 {[%emt 0:00:05]} 42. Kf3 {[%emt 0:00:03]} Kf5 {[%emt 0:00:01]} 43. Ne3+ {[%emt 0:00:16]} Nxe3 {[%emt 0:00:09]} 44. Kxe3 {[%emt 0:00:00]} Kg5 {[%emt 0:00:02]} 45. b4 {[%emt 0:00:01]} Kxh5 {[%emt 0:00:01]} 46. b5 {[%emt 0:00:01]} Kg5 47. a5 h5 48. b6 axb6 {[%emt 0:00:08]} 49. axb6 {[%emt 0:00:05]} 1-0

[Event "RUS-ch Men Blitz 2019"]
[Site "Sochi"]
[Date "2019.10.17"]
[Round "13.15"]
[White "Vastrukhin, Oleg"]
[Black "Faizrakhmanov, Ramil"]
[Result "1-0"]
[WhiteElo "2428"]
[BlackElo "2434"]
[Annotator "NA"]
[PlyCount "109"]
[EventDate "2019.10.17"]
[EventType "swiss"]
[EventCountry "RUS"]
[SourceTitle "playchess.com"]
[Source "ChessBase"]
[SourceQuality "1"]
[TimeControl "180+2"]

1. g3 {[%emt 0:00:00]} Nf6 {[%emt 0:00:00]} 2. Bg2 {[%emt 0:00:00]} d5 {[%emt 0:00:00]} 3. Nf3 {[%emt 0:00:01]} c6 {[%emt 0:00:01]} 4. O-O {[%emt 0:00:02]} Bg4 {[%emt 0:00:01]} 5. Ne5 {[%emt 0:00:01]} Bf5 {[%emt 0:00:02]} 6. d4 {[%emt 0:00:01]} e6 {[%emt 0:00:02]} 7. c4 {[%emt 0:00:01]} Nbd7 {[%emt 0:00:04]} 8. Nc3 {[%emt 0:00:01]} Be7 {[%emt 0:00:04]} 9. Qb3 {[%emt 0:00:01]} Qb6 {[%emt 0:00:06]} 10. Nxd7 {[%emt 0:00:02]} Nxd7 {[%emt 0:00:05]} 11. e4 {[%emt 0:00:01]} dxe4 {[%emt 0:00:05]} 12. Nxe4 {[%emt 0:00:02]} Qxb3 {[%emt 0:00:07]} 13. axb3 {[%emt 0:00:01]} O-O {[%emt 0:00:02]} 14. Be3 {[%emt 0:00:02]} Rfd8 {[%emt 0:00:07]} 15. h3 {[%emt 0:00:01]} a6 {[%emt 0:00:17]} 16. g4 {[%emt 0:00:10]} Bg6 {[%emt 0:00:01]} 17. Rfd1 {[%emt 0:00:06]} Nf6 {[%emt 0:00:04]} 18. Nc5 {[%emt 0:00:19]} Bc2 {[%emt 0:00:16]} 19. Nxb7 {[%emt 0:00:06]} Rdb8 {[%emt 0:00:44]} 20. Rdc1 {[%emt 0:00:02]} Rxb7 {[%emt 0:00:09]} 21. Rxc2 {[%emt 0:00:01]} Rxb3 {[%emt 0:00:03]} 22. Bxc6 {[%emt 0:00:04]} Rc8 {[%emt 0:00:03]} 23. Rxa6 {[%emt 0:00:03]} h6 {[%emt 0:00:02]} 24. Ra8 {[%emt 0:00:10]} Rxa8 {[%emt 0:00:03]} 25. Bxa8 {[%emt 0:00:01]} Rb8 {[%emt 0:00:06]} 26. Bc6 {[%emt 0:00:05]} Rc8 {[%emt 0:00:01]} 27. Bf3 {[%emt 0:00:05]} Bb4 {[%emt 0:00:05]} 28. Kf1 {[%emt 0:00:03]} Nd5 {[%emt 0:00:06]} 29. Ke2 {[%emt 0:00:16]} Nxe3 30. fxe3 {[%emt 0:00:03]} Kf8 {[%emt 0:00:03]} 31. Kd3 {[%emt 0:00:02]} Ke7 {[%emt 0:00:02]} 32. c5 {[%emt 0:00:01]} Rb8 {[%emt 0:00:03]} 33. Bc6 {[%emt 0:00:21]} Ba5 {[%emt 0:00:04]} 34. Ba4 {[%emt 0:00:01]} g5 {[%emt 0:00:09]} 35. e4 {[%emt 0:00:02]} Rb4 {[%emt 0:00:04]} 36. b3 {[%emt 0:00:02]} e5 {[%emt 0:00:03]} 37. d5 {[%emt 0:00:02]} Rd4+ {[%emt 0:00:01]} 38. Ke3 {[%emt 0:00:00]} Kd8 {[%emt 0:00:04]} 39. Bb5 {[%emt 0:00:28]} Bb4 {[%emt 0:00:13]} 40. c6 {[%emt 0:00:02]} Ba5 {[%emt 0:00:01]} 41. Ra2 {[%emt 0:00:08]} Bb6 {[%emt 0:00:01]} 42. Kf3 {[%emt 0:00:01]} Kc7 {[%emt 0:00:09]} 43. Ra8 {[%emt 0:00:11]} Rd2 {[%emt 0:00:01]} 44. Re8 {[%emt 0:00:05]} Bc5 {[%emt 0:00:03]} 45. Rh8 {[%emt 0:00:07]} Rf2+ {[%emt 0:00:08]} 46. Kg3 {[%emt 0:00:01]} Rf4 {[%emt 0:00:04]} 47. Bd3 {[%emt 0:00:05]} Bf2+ {[%emt 0:00:05]} 48. Kg2 {[%emt 0:00:01]} Bh4 {[%emt 0:00:03]} 49. Rxh6 {[%emt 0:00:07]} Rf2+ {[%emt 0:00:01]} 50. Kg1 {[%emt 0:00:00]} Rf3 {[%emt 0:00:01]} 51. Bb5 {[%emt 0:00:03]} Kb6 {[%emt 0:00:11]} 52. d6 {[%emt 0:00:08]} Kxb5 {[%emt 0:00:01]} 53. c7 {[%emt 0:00:04]} Rg3+ {[%emt 0:00:05]} 54. Kf1 {[%emt 0:00:02]} Rc3 {[%emt 0:00:04]} 55. d7 {[%emt 0:00:04]} 1-0

[Event "RUS-ch Men Blitz 2019"]
[Site "Sochi"]
[Date "2019.10.17"]
[Round "13.16"]
[White "Sysolyatin, Evgeny"]
[Black "Oganian, Miran"]
[Result "1-0"]
[WhiteElo "2271"]
[BlackElo "2436"]
[Annotator "NA"]
[PlyCount "99"]
[EventDate "2019.10.17"]
[EventType "swiss"]
[EventCountry "RUS"]
[SourceTitle "playchess.com"]
[Source "ChessBase"]
[SourceQuality "1"]
[TimeControl "180+2"]

1. e4 {[%emt 0:00:00]} c5 {[%emt 0:00:00]} 2. Nf3 {[%emt 0:00:00]} Nc6 {[%emt 0:00:00]} 3. Bb5 {[%emt 0:00:01]} d6 {[%emt 0:00:00]} 4. O-O {[%emt 0:00:03]} Bd7 {[%emt 0:00:01]} 5. Re1 {[%emt 0:00:04]} Nf6 {[%emt 0:00:01]} 6. c3 {[%emt 0:00:01]} a6 {[%emt 0:00:01]} 7. Bf1 {[%emt 0:00:01]} Bg4 {[%emt 0:00:02]} 8. h3 {[%emt 0:00:02]} Bxf3 {[%emt 0:00:01]} 9. Qxf3 {[%emt 0:00:01]} e6 {[%emt 0:00:01]} 10. d3 {[%emt 0:00:23]} Be7 {[%emt 0:00:02]} 11. Bf4 {[%emt 0:00:06]} O-O {[%emt 0:00:03]} 12. Nd2 {[%emt 0:00:02]} d5 {[%emt 0:00:10]} 13. g4 {[%emt 0:00:35]} d4 {[%emt 0:00:15]} 14. c4 {[%emt 0:00:20]} e5 {[%emt 0:00:06]} 15. Bg3 {[%emt 0:00:06]} Ne8 {[%emt 0:00:08]} 16. Qd1 {[%emt 0:00:15]} Nd6 {[%emt 0:00:19]} 17. a3 {[%emt 0:00:07]} b5 {[%emt 0:00:02]} 18. Qc2 {[%emt 0:00:06]} Qb6 {[%emt 0:00:14]} 19. cxb5 {[%emt 0:00:06]} axb5 {[%emt 0:00:04]} 20. Rac1 {[%emt 0:00:04]} Nb7 {[%emt 0:00:04]} 21. f4 {[%emt 0:00:14]} Rfe8 {[%emt 0:00:31]} 22. Nf3 {[%emt 0:00:14]} Bd6 {[%emt 0:00:09]} 23. fxe5 {[%emt 0:00:06]} Nxe5 {[%emt 0:00:03]} 24. Bxe5 {[%emt 0:00:09]} Bxe5 {[%emt 0:00:01]} 25. Nxe5 {[%emt 0:00:03]} Rxe5 {[%emt 0:00:01]} 26. Bg2 {[%emt 0:00:09]} h5 {[%emt 0:00:06]} 27. Qe2 {[%emt 0:00:12]} Qg6 {[%emt 0:00:09]} 28. gxh5 {[%emt 0:00:08]} Rxh5 {[%emt 0:00:03]} 29. e5 {[%emt 0:00:02]} Re8 {[%emt 0:00:06]} 30. Qe4 {[%emt 0:00:05]} Qxe4 {[%emt 0:00:39]} 31. Bxe4 {[%emt 0:00:02]} Rhxe5 {[%emt 0:00:01]} 32. Rf1 {[%emt 0:00:08]} Nd6 {[%emt 0:00:01]} 33. Bc6 {[%emt 0:00:03]} R8e6 {[%emt 0:00:07]} 34. Bd7 {[%emt 0:00:02]} Rg6+ {[%emt 0:00:08]} 35. Kh1 {[%emt 0:00:02]} Rg3 {[%emt 0:00:09]} 36. Rcd1 {[%emt 0:00:06]} g6 {[%emt 0:00:06]} 37. Rfe1 {[%emt 0:00:03]} Rxd3 {[%emt 0:00:08]} 38. Rxe5 {[%emt 0:00:02]} Rxd1+ 39. Kg2 Rd2+ {[%emt 0:00:04]} 40. Kf3 {[%emt 0:00:01]} c4 41. Rd5 Nf5 {[%emt 0:00:10]} 42. Bxf5 gxf5 43. Rxb5 {[%emt 0:00:02]} d3 {[%emt 0:00:02]} 44. a4 {[%emt 0:00:01]} Rxb2 {[%emt 0:00:06]} 45. Rxb2 {[%emt 0:00:09]} c3 {[%emt 0:00:01]} 46. Rb8+ {[%emt 0:00:01]} Kg7 {[%emt 0:00:00]} 47. Rc8 {[%emt 0:00:00]} c2 {[%emt 0:00:05]} 48. Ke3 f4+ {[%emt 0:00:02]} 49. Kxd3 {[%emt 0:00:02]} f3 {[%emt 0:00:00]} 50. Ke3 {[%emt 0:00:01]} 1-0

[Event "RUS-ch Men Blitz 2019"]
[Site "Sochi"]
[Date "2019.10.17"]
[Round "13.17"]
[White "Morozevich, Alexander"]
[Black "Smagin, Sergey"]
[Result "1-0"]
[WhiteElo "2659"]
[BlackElo "2551"]
[Annotator "TA"]
[PlyCount "43"]
[EventDate "2019.10.17"]
[EventType "swiss"]
[EventCountry "RUS"]
[SourceTitle "playchess.com"]
[Source "ChessBase"]
[SourceQuality "1"]

{[%evp 12,43,-48,-53,36,29,37,42,45,37,26,25,22,0,68,58,64,60,58,51,100,84,102,109,100,93,148,135,242,237,296,289,1412,1343]} 1. d4 d5 2. Nc3 Nf6 3. Bg5 Nbd7 4. Nf3 e6 5. e4 h6 6. Bh4 g5 7. Bg3 Bb4 {D01: Veresov Opening} ({Don't play} 7... dxe4 $6 8. Nd2 $14) (7... Nxe4 $15 8. Nxe4 dxe4) (7... Nxe4 8. Nxe4 dxe4 9. Nd2 Bg7 10. h4 Bxd4 11. Nxe4 Bxb2 12. Rb1 Bg7 13. hxg5 hxg5 14. Rxh8+ Bxh8 15. Qh5 Bg7 16. Nxg5 Qe7 17. Rb3 {½-½ (70) Morozevich,A (2659)-Leko,P (2674) Abu Dhabi 2019}) 8. exd5 $14 exd5 9. Bd3 Qe7+ {White is slightly better.} 10. Kf1 {Nb5 is the strong threat.} c6 $146 ({Predecessor:} 10... Bxc3 11. bxc3 Nf8 12. c4 dxc4 13. Bxc4 Be6 14. Bxe6 Nxe6 15. c3 {½-½ (41) Wockenfuss,K (2370)-Belkhodja,S (2385) Amsterdam 1985}) 11. h4 g4 {Hoping for ...Bxc3.} 12. Ne5 h5 ({Better is} 12... Nxe5 $11 13. Bxe5 Bd6) 13. Qd2 Ne4 14. Bxe4 dxe4 15. Re1 Nf6 16. Kg1 Be6 17. a3 Bxc3 18. Qxc3 Nd5 (18... Kf8 $142) 19. Qa5 Bf5 (19... Qd8 $16 {was called for.} 20. Qd2 f5) 20. c4 $18 Nb6 {[#]} 21. Nxc6 $1 {[%mdl 576] Discovered Attack} Qd7 $2 (21... Qf6 22. Be5 {[%mdl 64] Skewer} (22. Nxa7 O-O $14) 22... Qg6) (21... bxc6 22. Qxf5) 22. Qe5+ {[%mdl 64] Double Attack. Accuracy: White = 86%, Black = 28%.} 1-0

[Event "RUS-ch Men Blitz 2019"]
[Site "Sochi"]
[Date "2019.10.17"]
[Round "13.18"]
[White "Khegay, Dmitriy"]
[Black "Shubin, Kirill"]
[Result "1-0"]
[WhiteElo "2509"]
[BlackElo "2416"]
[Annotator "TA"]
[PlyCount "131"]
[EventDate "2019.10.17"]
[EventType "swiss"]
[EventCountry "RUS"]
[SourceTitle "playchess.com"]
[Source "ChessBase"]
[SourceQuality "1"]

{[%evp 9,131,0,12,-8,68,64,68,76,70,77,65,70,99,97,94,89,105,107,103,83,131,140,142,86,82,79,82,85,114,106,159,82,82,82,82,82,82,82,82,82,82,90,96,94,108,57,60,0,99,96,91,84,85,79,113,103,107,107,168,155,197,197,241,247,260,162,162,166,165,108,182,193,230,213,277,277,259,254,315,299,379,389,391,384,482,472,473,337,337,337,340,328,326,297,427,293,563,534,499,448,448,437,438,437,553,451,455,455,1323,1029,1558,1254,1722,1616,3272,2723,29979,29980,29980,29981,29979,29980,29990,29991]} 1. Nc3 e6 2. d4 d5 3. Bf4 a6 4. e3 Nf6 5. g4 h6 (5... b5 6. g5 Nfd7 7. h4 c5 8. Nce2 Nc6 9. Nf3 Nb6 10. c3 cxd4 11. Nexd4 Bb7 12. Nxc6 Bxc6 {1-0 (53) Alekseenko,K (2638)-Riazantsev,A (2649) St Petersburg 2018}) 6. Qf3 {D00: 1 d4 d5: Unusual lines} Bb4 $146 (6... b5 $11) ({Predecessor:} 6... c5 7. h4 cxd4 8. exd4 Nc6 9. Nge2 b5 10. g5 hxg5 11. hxg5 Rxh1 12. Qxh1 {1-0 (30) Rodriguez Vila,A (2487)-Quintiliano Pinto,R (2436) Buenos Aires 2018}) 7. Nge2 $14 Ne4 8. a3 {White is slightly better.} Bxc3+ 9. Nxc3 Nxc3 10. bxc3 Nd7 11. Qg3 c5 12. Bc7 Qf6 13. Bd6 c4 14. Bg2 h5 15. g5 Qf5 16. Kd2 (16. h4 $142 $1) 16... h4 $16 17. Qf4 Qxf4 18. Bxf4 b5 19. a4 $1 Bb7 (19... bxa4 $142 20. Rhb1 (20. Rxa4 Bb7 $16) 20... f5) 20. Rhb1 (20. axb5 $142 axb5 21. Rxa8+ Bxa8 22. Ra1) 20... Ke7 21. axb5 axb5 22. Rxa8 Rxa8 23. Rxb5 Bc6 24. Rb1 Ra2 25. Bf3 Ba4 26. Bd1 Bc6 27. Be2 ({White should try} 27. Rb4 $16) 27... Ba4 $1 $14 {[%cal Ra4c2]} 28. Bd1 Bc6 $1 29. f3 f6 30. gxf6+ gxf6 31. h3 e5 {[#]} 32. Bh2 $1 exd4 33. cxd4 Ra3 {[#]} (33... Nf8 $16) 34. Bg1 $1 $18 Ra6 35. Bf2 Nb6 36. Bxh4 Na4 37. Bf2 c3+ 38. Ke1 Nb2 39. h4 ({Better is} 39. Be2 $18 Ra2 40. Rc1) 39... Ra8 (39... Ba4 $16 {might work better.} 40. Rc1 Nxd1) 40. Be2 Kf7 41. Kf1 Ba4 42. Rc1 Rc8 43. Be1 Rc7 44. Kf2 Kg6 45. e4 dxe4 46. fxe4 Be8 47. Ke3 Nc4+ 48. Bxc4 Rxc4 {[%mdl 4096] Endgame KRB-KRB} 49. Ra1 Rc7 50. Rb1 Ba4 51. Kd3 Kh5 (51... f5 $142 52. e5 (52. Bxc3 fxe4+ 53. Kd2 Kh5 $16) 52... Bc6) 52. Bxc3 Kxh4 $2 (52... f5 53. exf5 Rf7) 53. Rb4 Be8 54. Be1+ Kg4 55. c4 Bg6 56. d5 f5 57. exf5 Bxf5+ 58. Kd4 Kg5 (58... Re7 $142 59. Bc3 Re4+ 60. Kc5 Kf3) 59. c5 Re7 60. Bd2+ Kg6 61. c6 Kf7 62. Kc5 Re2 63. Rd4 {White mates.} Ke8 64. d6 {[%cal Bd5d6,Bd6d7][%mdl 32]} Re5+ 65. Kb6 Bh3 66. d7+ {Accuracy: White = 82%, Black = 31%.} 1-0

[Event "RUS-ch Men Blitz 2019"]
[Site "Sochi"]
[Date "2019.10.17"]
[Round "13.19"]
[White "Papin, Vasily"]
[Black "Kardashevskiy, Evgeny"]
[Result "1/2-1/2"]
[WhiteElo "2481"]
[BlackElo "2428"]
[Annotator "ChessBase"]
[PlyCount "75"]
[EventDate "2019.10.17"]
[EventType "swiss"]
[EventCountry "RUS"]
[SourceTitle "playchess.com"]
[Source "ChessBase"]
[SourceQuality "1"]
[TimeControl "180+2"]

1. c4 {[%emt 0:00:00]} e6 {[%emt 0:00:00]} 2. g3 {[%emt 0:00:00]} Nf6 3. Bg2 d5 {[%emt 0:00:01]} 4. Nf3 {[%emt 0:00:01]} d4 {[%emt 0:00:03]} 5. O-O {[%emt 0:00:14]} c5 {[%emt 0:00:01]} 6. e3 {[%emt 0:00:02]} Nc6 {[%emt 0:00:01]} 7. exd4 {[%emt 0:00:01]} cxd4 {[%emt 0:00:01]} 8. Re1 {[%emt 0:00:11]} Bd6 {[%emt 0:00:06]} 9. d3 {[%emt 0:00:05]} h6 {[%emt 0:00:01]} 10. a3 {[%emt 0:00:22]} a5 {[%emt 0:00:02]} 11. b3 {[%emt 0:00:05]} O-O {[%emt 0:00:04]} 12. Bb2 {[%emt 0:00:00]} e5 {[%emt 0:00:09]} 13. Nbd2 {[%emt 0:00:03]} Re8 {[%emt 0:00:08]} 14. Ne4 {[%emt 0:00:17]} Nxe4 {[%emt 0:00:03]} 15. Rxe4 {[%emt 0:00:01]} Bf5 {[%emt 0:00:05]} 16. Re1 {[%emt 0:00:01]} Rb8 {[%emt 0:00:05]} 17. Rc1 {[%emt 0:00:20]} Qd7 {[%emt 0:00:20]} 18. Qd2 {[%emt 0:00:22]} Rec8 {[%emt 0:00:18]} 19. c5 {[%emt 0:00:02]} Be7 {[%emt 0:00:21]} 20. Nxe5 {[%emt 0:00:19]} Nxe5 {[%emt 0:00:02]} 21. Rxe5 {[%emt 0:00:02]} Be6 {[%emt 0:00:06]} 22. b4 {[%emt 0:00:07]} axb4 {[%emt 0:00:03]} 23. axb4 {[%emt 0:00:01]} Bg5 {[%emt 0:00:20]} 24. f4 {[%emt 0:00:03]} Bf6 {[%emt 0:00:01]} 25. Ree1 {[%emt 0:00:15]} Qb5 {[%emt 0:00:02]} 26. Ra1 {[%emt 0:00:25]} Bf5 {[%emt 0:00:05]} 27. Be4 {[%emt 0:00:07]} Bxe4 {[%emt 0:00:01]} 28. dxe4 {[%emt 0:00:01]} b6 {[%emt 0:00:09]} 29. e5 {[%emt 0:00:09]} Be7 {[%emt 0:00:01]} 30. Bxd4 {[%emt 0:00:05]} bxc5 {[%emt 0:00:02]} 31. Bxc5 {[%emt 0:00:06]} Bxc5+ {[%emt 0:00:08]} 32. bxc5 {[%emt 0:00:02]} Qxc5+ {[%emt 0:00:08]} 33. Qf2 {[%emt 0:00:01]} Qxf2+ 34. Kxf2 {[%emt 0:00:01]} Rb2+ {[%emt 0:00:05]} 35. Re2 {[%emt 0:00:01]} Rxe2+ {[%emt 0:00:02]} 36. Kxe2 {[%emt 0:00:02]} Rc2+ {[%emt 0:00:01]} 37. Kf3 {[%emt 0:00:01]} Rxh2 {[%emt 0:00:01]} 38. Ke4 1/2-1/2

[Event "RUS-ch Men Blitz 2019"]
[Site "Sochi"]
[Date "2019.10.17"]
[Round "13.20"]
[White "Samusenko, Maksim"]
[Black "Volovich, Vasily"]
[Result "0-1"]
[WhiteElo "2445"]
[BlackElo "2120"]
[Annotator "NA"]
[PlyCount "100"]
[EventDate "2019.10.17"]
[EventType "swiss"]
[EventCountry "RUS"]
[SourceTitle "playchess.com"]
[Source "ChessBase"]
[SourceQuality "1"]
[TimeControl "180+2"]

1. e4 {[%emt 0:00:00]} e6 {[%emt 0:00:00]} 2. d4 {[%emt 0:00:00]} d5 {[%emt 0:00:01]} 3. Nd2 {[%emt 0:00:01]} c5 {[%emt 0:00:00]} 4. Ngf3 {[%emt 0:00:01]} cxd4 {[%emt 0:00:01]} 5. exd5 {[%emt 0:00:02]} Qxd5 {[%emt 0:00:01]} 6. Bc4 {[%emt 0:00:01]} Qd6 {[%emt 0:00:01]} 7. O-O {[%emt 0:00:02]} Nf6 {[%emt 0:00:00]} 8. Re1 {[%emt 0:00:01]} Nc6 {[%emt 0:00:02]} 9. Ne4 {[%emt 0:00:01]} Nxe4 {[%emt 0:00:03]} 10. Rxe4 {[%emt 0:00:01]} Be7 {[%emt 0:00:02]} 11. Nxd4 {[%emt 0:00:06]} e5 {[%emt 0:00:03]} 12. Bf4 {[%emt 0:00:01]} exf4 {[%emt 0:00:06]} 13. Nxc6 {[%emt 0:00:02]} Qxd1+ {[%emt 0:00:05]} 14. Rxd1 {[%emt 0:00:01]} bxc6 {[%emt 0:00:01]} 15. Rde1 {[%emt 0:00:01]} Kf8 {[%emt 0:00:01]} 16. Rxe7 {[%emt 0:00:02]} Be6 {[%emt 0:00:01]} 17. R1xe6 {[%emt 0:00:01]} fxe6 {[%emt 0:00:01]} 18. Rc7 {[%emt 0:00:01]} h5 {[%emt 0:00:15]} 19. Kf1 {[%emt 0:00:04]} Rh6 {[%emt 0:00:06]} 20. Rxc6 {[%emt 0:00:11]} Ke7 {[%emt 0:00:22]} 21. Rc7+ {[%emt 0:00:09]} Kf6 {[%emt 0:00:04]} 22. Ke2 {[%emt 0:00:05]} Rhh8 {[%emt 0:00:08]} 23. Rc6 {[%emt 0:00:11]} Rac8 {[%emt 0:00:36]} 24. Rxe6+ {[%emt 0:00:21]} Kf5 {[%emt 0:00:01]} 25. Bb3 {[%emt 0:00:54]} Rxc2+ {[%emt 0:00:03]} 26. Kf3 {[%emt 0:00:47]} g5 {[%emt 0:00:23]} 27. Bxc2+ {[%emt 0:00:01]} Kxe6 {[%emt 0:00:01]} 28. h4 {[%emt 0:00:07]} Kf6 {[%emt 0:00:19]} 29. b3 {[%emt 0:00:21]} Rd8 {[%emt 0:00:04]} 30. hxg5+ {[%emt 0:00:06]} Kxg5 {[%emt 0:00:00]} 31. Ke2 {[%emt 0:00:01]} h4 {[%emt 0:00:21]} 32. Be4 {[%emt 0:00:00]} Kf6 {[%emt 0:00:06]} 33. Bf3 {[%emt 0:00:09]} Ke5 {[%emt 0:00:01]} 34. Ke1 {[%emt 0:00:03]} Rd3 {[%emt 0:00:11]} 35. Be2 {[%emt 0:00:03]} Rd6 {[%emt 0:00:06]} 36. Bf3 {[%emt 0:00:02]} Ra6 {[%emt 0:00:04]} 37. a4 {[%emt 0:00:02]} Rb6 {[%emt 0:00:02]} 38. Bd1 {[%emt 0:00:02]} Kd4 {[%emt 0:00:09]} 39. Kd2 {[%emt 0:00:01]} f3 {[%emt 0:00:08]} 40. Bxf3 {[%emt 0:00:05]} Rxb3 {[%emt 0:00:00]} 41. Bd1 {[%emt 0:00:04]} Rb2+ {[%emt 0:00:02]} 42. Bc2 {[%emt 0:00:03]} Ra2 {[%emt 0:00:02]} 43. f4 {[%emt 0:00:02]} Ra3 {[%emt 0:00:06]} 44. Bd1 {[%emt 0:00:02]} Rg3 {[%emt 0:00:03]} 45. Ke2 {[%emt 0:00:04]} Ke4 {[%emt 0:00:04]} 46. Kf2 {[%emt 0:00:01]} Kxf4 {[%emt 0:00:01]} 47. Be2 {[%emt 0:00:03]} Ra3 {[%emt 0:00:01]} 48. Bb5 {[%emt 0:00:02]} Ra2+ {[%emt 0:00:01]} 49. Kf1 {[%emt 0:00:01]} Kg3 {[%emt 0:00:02]} 50. Bc6 {[%emt 0:00:01]} a5 {[%emt 0:00:04]} 0-1

[Event "RUS-ch Men Blitz 2019"]
[Site "Sochi"]
[Date "2019.10.17"]
[Round "13.21"]
[White "Gurvich, Vitaly"]
[Black "Derjabin, Ilja"]
[Result "1-0"]
[WhiteElo "2278"]
[BlackElo "2333"]
[Annotator "NA RC"]
[PlyCount "81"]
[EventDate "2019.10.17"]
[EventType "swiss"]
[EventCountry "RUS"]
[SourceTitle "playchess.com"]
[Source "ChessBase"]
[SourceQuality "1"]
[TimeControl "180+2"]

1. d4 {[%emt 0:00:00]} Nf6 {[%emt 0:00:00]} 2. c4 {[%emt 0:00:01]} c5 {[%emt 0:00:01]} 3. d5 {[%emt 0:00:00]} b5 {[%emt 0:00:01]} 4. cxb5 {[%emt 0:00:01]} a6 {[%emt 0:00:00]} 5. bxa6 {[%emt 0:00:01]} Bxa6 {[%emt 0:00:02]} 6. Nc3 {[%emt 0:00:01]} d6 {[%emt 0:00:01]} 7. e4 {[%emt 0:00:01]} Bxf1 {[%emt 0:00:01]} 8. Kxf1 {[%emt 0:00:01]} g6 {[%emt 0:00:02]} 9. g3 {[%emt 0:00:01]} Bg7 {[%emt 0:00:01]} 10. Kg2 {[%emt 0:00:01]} O-O {[%emt 0:00:02]} 11. Nge2 {[%emt 0:00:01]} Nbd7 {[%emt 0:00:13]} 12. a4 {[%emt 0:00:01]} Qb8 {[%emt 0:00:11]} 13. Qc2 {[%emt 0:00:02]} Qb7 {[%emt 0:00:01]} 14. Rd1 {[%emt 0:00:06]} Rfb8 {[%emt 0:00:07]} 15. Nb5 {[%emt 0:00:02]} Ne8 {[%emt 0:00:28]} 16. Nec3 {[%emt 0:00:06]} Nc7 {[%emt 0:00:04]} 17. Ra3 {[%emt 0:00:30]} Na6 {[%emt 0:00:08]} 18. Bg5 {[%emt 0:00:05]} Re8 {[%emt 0:00:04]} 19. h4 {[%emt 0:00:08]} Nb4 {[%emt 0:00:01]} 20. Qd2 {[%emt 0:00:01]} Ne5 {[%emt 0:00:06]} 21. Qe2 {[%emt 0:00:03]} c4 {[%emt 0:00:23]} 22. h5 {[%emt 0:00:18]} Ned3 {[%emt 0:00:21]} 23. b3 {[%emt 0:00:13]} Qc8 {[%emt 0:00:29]} 24. Rb1 {[%emt 0:01:19]} h6 {[%emt 0:00:09]} 25. Be3 {[%emt 0:00:03]} g5 {[%emt 0:00:06]} 26. Kg1 {[%emt 0:00:13]} Ne5 {[%emt 0:00:30]} 27. Nd4 {[%emt 0:00:13]} Nbd3 {[%emt 0:00:01]} 28. Nf5 {[%emt 0:00:05]} cxb3 {[%emt 0:00:06]} 29. Raxb3 {[%emt 0:00:01]} Nc5 {[%emt 0:00:05]} 30. Bxc5 {[%emt 0:00:08]} Qxc5 {[%emt 0:00:01]} 31. Kg2 {[%emt 0:00:00]} e6 {[%emt 0:00:09]} 32. dxe6 {[%emt 0:00:05]} Rxe6 {[%emt 0:00:03]} 33. Rb8+ {[%emt 0:00:01]} Rxb8 {[%emt 0:00:01]} 34. Rxb8+ Kh7 35. Nd5 {[%emt 0:00:02]} Nc6 {[%emt 0:00:07]} 36. Rc8 {[%emt 0:00:04]} Bf6 {[%emt 0:00:04]} 37. Qf3 {[%emt 0:00:08]} Bg7 {[%emt 0:00:02]} 38. Nfe7 {[%emt 0:00:06]} Ne5 {[%emt 0:00:02]} 39. Qf5+ {[%emt 0:00:01]} Ng6 40. hxg6+ {[%emt 0:00:02]} Rxg6 {[%emt 0:00:03]} 41. Rxc5 {[%emt 0:00:01]} 1-0